zpět

Detail výsledku týmu

Pivovarský dvůr Chýně, Chýně

Datum a čas kvízu

25 Celkem bodů Celkový počet nahraných bodů na tomto kvízu bez doplňovacích otázek.
6. Pořadí na kvízu Konečné umístění týmu na tomto kvízu.

Zaznamenané odpovědi

# Otázka Odpověď Body Výsledky
1. KSČM ve čtvrtek ukončila člens... Jiří Dolejš 1
2. Stoletá Hilda West z pečovatel... A) se nechala tetovat 1
3. Minulý týden odstartovala na T... 4. řada, Suzuki 1
4. Cestovatelský server Tripadvis... Řecko 0
5. V české fotbalové reprezentaci... Buffon 1
6. Nyní se od aktualit přesuneme... 1B 2A 3C 4D 1
7. Uveďte odborný název pro skupi... ichtyosauři 1
8. Většina fosilií dinosaurů byla... Burianosaurus augustai 0
9. Americký spisovatel a scenáris... Michael Crichton 0
10. Na fotce vidíme mumii a rekons... Ötzi 1